Jaký byl peněžní oběh a platební styk v roce 2005

Centrálna banka okrem iných úloh zaisťuje prevádzku niekoľkých systémov, prostredníctvom ktorých dochádza denne k státisícom bezhotovotných prevodov. Stará sa o to, aby bolo v peňažnom styku dostatočné množstvo hotových peňazí. Certis: Systém medzibankového platobného styku. SKD: systém krátkodobých...

Descrizione completa

Salvato in:
Dettagli Bibliografici
Autore principale: Hládek, T.
Natura: Capitolo di libro
Lingua:ceco
Soggetti:
Tags: Aggiungi Tag
Nessun Tag, puoi essere il primo ad aggiungerne!!

MARC

LEADER 00000naa$a2200000$$$4500
001 0042024
005 20231010085739.6
041 0 |a cze 
044 |a CZ 
245 1 0 |a Jaký byl peněžní oběh a platební styk v roce 2005  |c Tomáš Hládek 
520 |a Centrálna banka okrem iných úloh zaisťuje prevádzku niekoľkých systémov, prostredníctvom ktorých dochádza denne k státisícom bezhotovotných prevodov. Stará sa o to, aby bolo v peňažnom styku dostatočné množstvo hotových peňazí. Certis: Systém medzibankového platobného styku. SKD: systém krátkodobých dlhopisov. ABO: Systém interného účtovníctva a platobného styku ČNB. Peňažný obeh. Pokladničné operácie v pobočkách ČNB. 
610 2 0 |a obeh peňažný 
610 2 0 |a styk platobný bezhotovostný 
610 2 0 |a styk platobný 
610 2 0 |a hotovosť 
610 2 0 |a prevod bankový 
610 2 0 |a systémy informačné 
610 2 0 |a obeživo 
610 2 0 |a banky centrálne 
610 2 0 |a ČNB Praha 
100 1 |a Hládek, T.